Welcome to the Holygrace Academy Library

Please use search bar below to get started

AROUND THE WORLD IN EIGHTY DAYS (Record no. 8717)

MARC details
000 -LEADER
fixed length control field 00344nam a22001337a 4500
082 ## - DEWEY DECIMAL CLASSIFICATION NUMBER
Classification number 823
Item number CAR/A
100 ## - MAIN ENTRY--AUTHOR NAME
Personal name CARRO, LEWIS
245 ## - TITLE STATEMENT
Title AROUND THE WORLD IN EIGHTY DAYS
246 ## - VARYING FORM OF TITLE
Title proper/short title AROUND THE WORLD IN EIGHTY DAYS
Remainder of title AROUND THE WORLD IN EIGHTY DAYS
260 ## - PUBLICATION, DISTRIBUTION, ETC. (IMPRINT)
Place of publication NEW DELHI
Name of publisher BOOK FORD
300 ## - PHYSICAL DESCRIPTION
Number of Pages 136
650 ## - SUBJECT ADDED ENTRY--TOPICAL TERM
Topical Term ENGLISH STORY
942 ## - ADDED ENTRY ELEMENTS (KOHA)
Koha item type Books
Holdings
Withdrawn status Lost status Collection code Home library Current library Shelving location Date acquired Source of acquisition Cost, normal purchase price Full call number Accession Number Koha item type
    Fiction Main Library Main Library NEW SHELF WITH NEW ENTRY 06/05/2024 PURCHASED 80.00 823 CAR/A 13642 Books